000 00531nam a2200181 i 4500
001 56657
003 ES-MaACL
005 20250910063059.0
007 t|
008 031010s1933 bl ||||1| por d
100 1 _aDinis, JĂșlio,
_d1839-1871
_9164306
245 1 0 _aAs pupillas do senhor reitor
_b: (chronica da aldeia) /
_cJulio Diniz.
250 _a29 ed.
260 _aLisboa :
_bJ. Rodriguez,
_c1933 (
_fCentro Tip. Colonial)
300 _a372 p. ;
_c19 cm.
852 _aES-MaACL
_jA-2307
999 _c56657
_d56657